000 00613nam a2200181 a 4500
008 060316s1989 ||||||||||||||||| || u
020 _a0135947553
050 _aTH 7687 Cli
100 _aClifford, George E
245 1 0 _aModern heating, ventilating, and air conditioning
260 _aEnglewood Cliffs :
_bFT Prentice-Hall
_c1989
300 _axiii, 718 p. : ill.
350 _a0.00
650 _aHEATING
650 _aTEXTBOOKS
650 _aVENTILATION
995 _D0.00
_FCBU-MAIN LIBRARY (Kitwe)
_H1
_I74.90
_M1
_UDAMAGED
_ZMain Library Open Access Collection
999 _c51463
_d51463